[Event "BCF-chT 2122 (4NCL)"]
[Site "England"]
[Date "2021.11.27"]
[Round "1.126"]
[White "Roy, Ali"]
[Black "Alldritt, Nigel RE"]
[Result "1/2-1/2"]
[WhiteElo "1883"]
[BlackElo "2173"]
[PlyCount "80"]
[EventDate "2021.11.27"]
[EventType "team-swiss"]
[EventRounds "11"]
[EventCountry "ENG"]
[SourceTitle "EXT 2023"]
[Source "ChessBase"]
[SourceDate "2022.10.05"]
[SourceVersion "1"]
[SourceVersionDate "2022.10.05"]
[SourceQuality "1"]
[WhiteTeam "Alba"]
[BlackTeam "Cambridge University"]
[WhiteTeamCountry "ENG"]
[BlackTeamCountry "ENG"]

1. Nf3 Nf6 2. g3 d5 3. Bg2 c5 4. 0-0 Nc6 5. d3 e5 6. Nbd2 Be7 7. e4 d4 8. Nc4 Qc7 9. a4 0-0 10. Nh4 Ne8 11. Nf5 g6 12. Nxe7+ Qxe7 13. Bh6 Ng7 14. f4 f6 15. Qd2 Bd7 16. Rf2 Rae8 17. Raf1 b6 18. fxe5 Nxe5 19. Nxe5 Qxe5 20. Qf4 a6 21. b3 Bc8 22. Qxe5 fxe5 23. Rxf8+ Rxf8 24. Rxf8+ Kxf8 25. Bg5 Bg4 26. Bf6 Bd1 27. Bxe5 Ne6 28. Bh3 Ke7 29. Bxe6 Kxe6 30. Bc7 b5 31. axb5 axb5 32. Bb6 Bxc2 33. Bxc5 Ke5 34. Kf2 Bxd3 35. Kf3 Bxe4+ 36. Ke2 Bd5 37. b4 Ke4 38. Bd6 Bc4+ 39. Kd2 d3 40. h4 Kf3 1/2-1/2